Thoughts on self-culture, addressed to women /

Bibliographic Details
Main Author: Grey, William, Mrs., 1816-1906
Other Authors: Shirreff, Emily Anne Eliza, 1814-1897
Format: Microform Book
Language:English
Published: Boston : Wm. Crosby and H.P. Nichols, 1851.
Series:Women's history, a literature of struggle ; no. A1.
Subjects:

MARC

Tag First Indicator Second Indicator Subfields
LEADER 00000cam a2200000 a 4500
001 in00000019402
005 20151007053614.0
007 he amb|||||||
008 880630r19761851nju bb 00010 eng d
035 |a (OCoLC)18153408 
035 |9 AAB2211AM 
040 |a TXA  |c TXA  |d UtOrBLW 
049 |a TXAI 
099 |a fiche  |a C  |a 7751 
100 1 |a Grey, William,  |c Mrs.,  |d 1816-1906. 
245 1 0 |a Thoughts on self-culture, addressed to women /  |c by Maria G. Grey, and her sister, Emily Shirreff. 
264 1 |a Boston :  |b Wm. Crosby and H.P. Nichols,  |c 1851. 
300 |a xv, 460 pages 
336 |a text  |b txt  |2 rdacontent 
337 |a microform  |b h  |2 rdamedia 
338 |a microfiche  |b he  |2 rdacarrier 
504 |a Bibliography: pages [ix]-xv. 
500 |a Series is a subseries of the Gerritsen collection of women's history. 
533 |a Microfiche.  |b Glen Rock, N.J. :  |c Microfilming Corp. of America,  |d 1976.  |e 5 microfiches ; 11 x 15 cm.  |f (Women's history: a literature of struggle ; no. A1). 
500 |a Microform. 
650 0 |a Self-culture. 
650 0 |a Women  |x Education. 
700 1 |a Shirreff, Emily Anne Eliza,  |d 1814-1897. 
830 0 |a Women's history, a literature of struggle ;  |v no. A1. 
999 |a MARS 
999 f f |s c31aa91e-e854-3737-8cc7-c3c1614a62b0  |i ba16551c-2b9e-3e29-8d39-8b412e93886a  |t 0 
952 f f |p normal  |a Texas A&M University  |b College Station  |c Sterling C. Evans Library  |d Evans: Microforms (3rd floor)  |t 0  |e fiche C 7751  |h Other scheme  |i microform -- microfiche  |m A14822804532 
998 f f |a fiche C 7751  |t 0  |l Evans: Microforms (3rd floor)